| 000 | 00320nam a2200097Ia 4500 | ||
|---|---|---|---|
| 008 | 220120s9999||||xx |||||||||||||| ||und|| | ||
| 100 |
_aAnjana H.S and Rakshitha M.S _912375 |
||
| 245 | 0 | _aOnline application for training and placement | |
| 260 |
_aCoorg Institute of Technology _bPonnampet _c2012 |
||
| 650 | _aCOMPUTER SCIENCE | ||
| 999 |
_c137962 _d137962 |
||